子どもの発達と環境= The development of children and environment

Guardat en:
Dades bibliogràfiques
Autor principal: Inoue, Ken
Format: Llibre
Idioma:Undetermined
Publicat: Japan 加 藤 一 郎 1979
Matèries:
Etiquetes: Afegir etiqueta
Sense etiquetes, Sigues el primer a etiquetar aquest registre!
Thư viện lưu trữ: Trung tâm Học liệu Trường Đại học Cần Thơ
LEADER 00579nam a2200193Ia 4500
001 CTU_232325
008 210402s9999 xx 000 0 und d
082 |a 155.4 
082 |b I.58 
100 |a Inoue, Ken 
245 0 |a 子どもの発達と環境= 
245 4 |b The development of children and environment 
245 0 |c Ken Inoue (井 上 健 治) 
260 |a Japan 
260 |b 加 藤 一 郎 
260 |c 1979 
650 |a Tâm lý học trẻ em,Child psychology 
910 |a Tuyến 
980 |a Trung tâm Học liệu Trường Đại học Cần Thơ